书目信息 |
| 题名: |
搞定癌细胞十六计
|
|
| 作者: | 丁晶真 著 ;玉蛋白 绘 | |
| 分册: | ||
| 出版信息: | 上海 上海科技教育出版社有限公司 2024.11 |
|
| 页数: | 216页 | |
| 开本: | 24cm | |
| 丛书名: | ||
| 单 册: | ||
| 中图分类: | Q279-49 | |
| 科图分类: | ||
| 主题词: | 癌细胞--ai xi bao--细胞生物学--普及读物 | |
| 电子资源: | ||
| ISBN: | 978-7-5428-7991-2 | |
| 000 | 01069nam0 2200265 450 | |
| 001 | 90232 | |
| 005 | 20250815150839.77 | |
| 010 | @a978-7-5428-7991-2@dCNY78.00 | |
| 100 | @a20241216d2024 em y0chiy50 ea | |
| 101 | 0 | @achi |
| 102 | @aCN@b310000 | |
| 105 | @aa z 000yy | |
| 106 | @ar | |
| 200 | 1 | @a搞定癌细胞十六计@Agao ding ai xi bao shi liu ji@f丁晶真著@g玉蛋白绘 |
| 210 | @a上海@c上海科技教育出版社有限公司@d2024.11 | |
| 215 | @a216页@c彩图@d24cm | |
| 300 | @a世纪出版 | |
| 314 | @a丁晶真, 生物化学博士, 知识分子/赛先生专栏作家。本科毕业于武汉大学, 曾就职于MD安德森癌症中心, 现从事生物医药咨询行业。玉蛋白, 博士, 已为多部科普图书手绘插图, 现从事医药行业。 | |
| 330 | @a本书用16个计谋描述了各种各样的抗癌手段。用金庸的武侠小说切入话题, 生动有趣且引人入胜。本书全面介绍了人类抗癌的历史和人物, 以及各种类型的细胞的功能。 | |
| 606 | 0 | @a癌细胞@Aai xi bao@x细胞生物学@j普及读物 |
| 690 | @aQ279-49@v5 | |
| 701 | 0 | @a丁晶真@Ading jing zhen@4著 |
| 702 | 0 | @a玉蛋白@Ayu dan bai@4绘 |
| 801 | 0 | @aCN@c20250909 |
| 905 | @a河南城建学院图书馆@dQ279-49@eD530@f1 | |
| 搞定癌细胞十六计/丁晶真著/玉蛋白绘.-上海:上海科技教育出版社有限公司,2024.11 |
| 216页:彩图;24cm |
| 世纪出版 |
| ISBN 978-7-5428-7991-2:CNY78.00 |
| 本书用16个计谋描述了各种各样的抗癌手段。用金庸的武侠小说切入话题, 生动有趣且引人入胜。本书全面介绍了人类抗癌的历史和人物, 以及各种类型的细胞的功能。 |
| ● |
| 相关链接 |
|
|
|
正题名:搞定癌细胞十六计
索取号:Q279-49/D530
 
预约/预借
| 序号 | 登录号 | 条形码 | 馆藏地/架位号 | 状态 | 备注 |
| 1 | 1624194 | 216241948 | 自科库401/401自科库 27排1列1层/ [索取号:Q279-49/D530] | 在馆 |